Nationalities of Champions league winning managers - Statistics

General Stats
  • This quiz has been taken 791 times
  • The average score is 10 of 13
Answer Stats
Hint Answer % Correct
9 titles Spain
99%
10 titles Italy
96%
7 titles Germany
95%
7 titles England
94%
3 titles Portugal
92%
5 titles Netherlands
85%
4 titles Scotland
82%
4 titles Argentina
73%
1 title Belgium
67%
2 titles Austria
55%
1 title Yugoslavia
52%
3 titles Romania
44%
2 titles Hungary
40%
No matching quizzes found
Score Distribution
Percent of People with Each Score
Percentile by Number Answered
Your Score History
You have not taken this quiz